[Event "Halver-ch"]
[Site "Halver"]
[Date "2005.01.28"]
[Round "2"]
[White "Lindemann, Siegfried"]
[Black "Kelbling, Philipp"]
[Result "0-1"]
[WhiteElo "1482"]
[BlackElo "1574"]
[PlyCount "95"]
[EventDate "2005.01.21"]
[EventType "swiss"]
[EventRounds "9"]
[EventCountry "GER"]
[SourceTitle "EXT 2007"]
[Source "ChessBase"]
[SourceDate "2006.11.23"]
[SourceVersion "1"]
[SourceVersionDate "2006.11.23"]
[SourceQuality "1"]

1. d4 Nf6 2. c4 e6 3. Nc3 d5 4. e3 c6 5. a3 Be7 6. Nf3 0-0 7. Bd3 Nbd7 8. 0-0 b6 9. Qc2 Bb7 10. cxd5 exd5 11. Ne5 h6 12. Nxd7 Qxd7 13. Bf5 Qd6 14. Ne2 Rfd8 15. Bd2 Qc7 16. Ng3 Bd6 17. f4 Re8 18. Rae1 Re7 19. Qb3 Rae8 20. Bh3 g6 21. Qd1 c5 22. dxc5 Bxc5 23. b4 Bxe3+ 24. Bxe3 Rxe3 25. Rxe3 Rxe3 26. Qd4 Qc3 27. Qxc3 Rxc3 28. Ra1 Kg7 29. Ne2 Rc2 30. Nd4 Rc4 31. Ne2 Ne4 32. Rc1 Rxc1+ 33. Nxc1 Ba6 34. g3 Kf6 35. Bg2 Bc4 36. Bxe4 dxe4 37. Kf2 Ke6 38. Ke3 Kd5 39. h3 f5 40. h4 h5 41. b5 Bxb5 42. Nb3 a6 43. Nd4 Bd7 44. Nc2 Kc4 45. Kd2 Kb3 46. Nb4 a5 47. Nd5 b5 48. Ne7 0-1

[Event "Halver-ch"]
[Site "Halver"]
[Date "2003.12.12"]
[Round "?"]
[White "Mirus, Lothar"]
[Black "Lindemann, Siegfried"]
[Result "1/2-1/2"]
[WhiteElo "1340"]
[BlackElo "1410"]
[PlyCount "60"]
[EventDate "2003.09.14"]
[EventType "swiss"]
[EventRounds "9"]
[EventCountry "GER"]
[SourceTitle "EXT 2007"]
[Source "ChessBase"]
[SourceDate "2006.11.23"]
[SourceVersion "1"]
[SourceVersionDate "2006.11.23"]
[SourceQuality "1"]

1. e4 e6 2. d4 d5 3. e5 c5 4. c3 Nc6 5. Nf3 a6 6. Be2 Nge7 7. Nh4 Qb6 8. dxc5 Qxc5 9. Be3 Qa5 10. f4 Ng6 11. Nxg6 hxg6 12. 0-0 Bc5 13. Qd2 Ne7 14. Bd3 Qb6 15. Bxc5 Qxc5+ 16. Rf2 Bd7 17. Na3 Nc6 18. Re1 Rd8 19. Nc2 b5 20. Qe3 Qxe3 21. Rxe3 Ke7 22. b3 Bc8 23. Be2 d4 24. cxd4 Nxd4 25. Nxd4 Rxd4 26. Rc3 Rhd8 27. Rc2 Bb7 28. h3 Rd2 29. Bg4 Rxf2 30. Kxf2 Rd7 1/2-1/2

[Event "Luedenscheid district-ch"]
[Site "Luedenscheid"]
[Date "2003.10.03"]
[Round "?"]
[White "Wollenweber, Frank"]
[Black "Lindemann, Siegfried"]
[Result "0-1"]
[WhiteElo "1685"]
[BlackElo "1390"]
[PlyCount "79"]
[EventDate "2003.10.03"]
[EventType "swiss"]
[EventRounds "7"]
[EventCountry "GER"]
[SourceTitle "EXT 2007"]
[Source "ChessBase"]
[SourceDate "2006.11.23"]
[SourceVersion "1"]
[SourceVersionDate "2006.11.23"]
[SourceQuality "1"]

1. f4 Nf6 2. Nf3 d5 3. g3 e6 4. Bg2 c5 5. 0-0 Be7 6. d3 0-0 7. h3 Nc6 8. Kh2 h6 9. Nbd2 b6 10. e4 dxe4 11. dxe4 Ba6 12. Re1 Rc8 13. b3 Nd4 14. Bb2 Nxf3+ 15. Bxf3 Rc7 16. c4 Rd7 17. Bc3 Bb7 18. Qc2 Qa8 19. Rad1 Rfd8 20. Re3 Ne8 21. Rde1 Bf6 22. e5 Be7 23. Bxb7 Qxb7 24. R1e2 g6 25. g4 Ng7 26. Ne4 Ne8 27. Kg3 Qc6 28. h4 Kf8 29. h5 Kg7 30. hxg6 fxg6 31. Rh2 Rd1 32. Kf2 Bf8 33. Reh3 Kg8 34. Nf6+ Nxf6 35. Qxg6+ Bg7 36. exf6 Qe8 37. Rxh6 R8d2+ 38. Bxd2 Rxd2+ 39. Kg3 Rd3+ 40. Kh4 0-1

[Event "Halver-ch fin"]
[Site "Halver"]
[Date "2003.04.04"]
[Round "?"]
[White "Ertelt, Pornchai"]
[Black "Lindemann, Siegfried"]
[Result "0-1"]
[WhiteElo "1319"]
[BlackElo "1464"]
[PlyCount "30"]
[EventDate "2003.03.14"]
[EventType "swiss"]
[EventRounds "3"]
[EventCountry "GER"]
[SourceTitle "EXT 2007"]
[Source "ChessBase"]
[SourceDate "2006.11.23"]
[SourceVersion "1"]
[SourceVersionDate "2006.11.23"]
[SourceQuality "1"]

1. e4 e6 2. d4 d5 3. e5 c5 4. Nf3 Nc6 5. c3 Qb6 6. Be2 cxd4 7. Nxd4 Nxe5 8. Qa4+ Bd7 9. Bb5 a6 10. 0-0 Rc8 11. Bxd7+ Nxd7 12. Qc2 Bc5 13. Be3 Ngf6 14. b4 Bxd4 15. Bxd4 Qxd4 0-1

[Event "Halver qual-B"]
[Site "Halver"]
[Date "2002.02.22"]
[Round "5"]
[White "Lindemann, Siegfried"]
[Black "Raatz, Gerhard"]
[Result "1-0"]
[WhiteElo "1472"]
[BlackElo "1187"]
[PlyCount "117"]
[EventDate "2002.01.18"]
[EventType "tourn"]
[EventRounds "9"]
[EventCountry "GER"]
[SourceTitle "EXT 2007"]
[Source "ChessBase"]
[SourceDate "2006.11.23"]
[SourceVersion "1"]
[SourceVersionDate "2006.11.23"]
[SourceQuality "1"]

1. d4 d5 2. c4 dxc4 3. Qa4+ Bd7 4. Qxc4 Nf6 5. Nc3 e6 6. Bg5 Be7 7. e3 0-0 8. Nf3 a6 9. Qb3 b6 10. Be2 Bc6 11. 0-0 Nd5 12. Bxe7 Qxe7 13. Ne5 Nxc3 14. Qxc3 Bd5 15. Rfc1 Rc8 16. a3 Nd7 17. Nxd7 Qxd7 18. b4 b5 19. Qc5 Qd6 20. Rc3 Qxc5 21. Rxc5 Ra7 22. f3 f5 23. a4 bxa4 24. Rxa4 Bb7 25. Raa5 c6 26. Re5 Re8 27. Bc4 Kf7 28. Rxf5+ Kg6 29. Rg5+ Kf6 30. Bd3 g6 31. Rgc5 Rd8 32. b5 cxb5 33. Bxb5 Rd6 34. Bc4 Ke7 35. Rc7+ Rd7 36. Rxd7+ Kxd7 37. Kf2 Kd6 38. h4 Bd5 39. Rxa6+ Rxa6 40. Bxa6 e5 41. dxe5+ Kxe5 42. g3 h6 43. Ke2 g5 44. hxg5 hxg5 45. Bd3 Bc6 46. Kf2 Bd7 47. f4+ Kf6 48. Kf3 g4+ 49. Kf2 Bf5 50. e4 Bd7 51. e5+ Ke7 52. Ke3 Bc6 53. Be4 Bd7 54. f5 Ba4 55. Kf4 Bd1 56. f6+ Ke6 57. Bf5+ Kf7 58. Bxg4 Bxg4 59. Kxg4 1-0

[Event "Halver qual-B"]
[Site "Halver"]
[Date "2002.01.18"]
[Round "1"]
[White "Lindemann, Siegfried"]
[Black "Babczyk, Adrian"]
[Result "1-0"]
[WhiteElo "1472"]
[BlackElo "1635"]
[PlyCount "91"]
[EventDate "2002.01.18"]
[EventType "tourn"]
[EventRounds "9"]
[EventCountry "GER"]
[SourceTitle "EXT 2007"]
[Source "ChessBase"]
[SourceDate "2006.11.23"]
[SourceVersion "1"]
[SourceVersionDate "2006.11.23"]
[SourceQuality "1"]

1. d4 Nf6 2. c4 c5 3. d5 b5 4. b3 g6 5. Bb2 Bg7 6. f3 0-0 7. e4 d6 8. Bd3 Re8 9. Ne2 Qb6 10. 0-0 e6 11. Kh1 Bb7 12. dxe6 fxe6 13. cxb5 Ng4 14. Qd2 c4 15. Bxg7 Nf2+ 16. Rxf2 Qxf2 17. Bd4 Qf1+ 18. Bg1 cxd3 19. Qxd3 d5 20. e5 Rf8 21. Nf4 Qxd3 22. Nxd3 Nd7 23. Bd4 g5 24. h3 h5 25. Nc3 a6 26. a4 axb5 27. Nxb5 Ba6 28. Rc1 Bxb5 29. axb5 Rfc8 30. Rc6 Kf7 31. Rd6 Ke7 32. Nb4 Nb8 33. b6 Rc1+ 34. Kh2 Nd7 35. Nc6+ Rxc6 36. Rxc6 Rb8 37. b4 Rf8 38. Bc5+ Nxc5 39. bxc5 d4 40. Rd6 Rb8 41. Rxd4 Rb7 42. Ra4 Rb8 43. Ra7+ Kf8 44. b7 Ke7 45. c6 Kd8 46. Ra8 1-0

[Event "Sauerland Bezirksliga 0102"]
[Site "Sauerland"]
[Date "2001.12.16"]
[Round "3"]
[White "Lindemann, Siegfried"]
[Black "Wiethoff, Jochen"]
[Result "1-0"]
[WhiteElo "1509"]
[BlackElo "1655"]
[PlyCount "83"]
[EventDate "2001.09.23"]
[EventType "team"]
[EventRounds "7"]
[EventCountry "GER"]
[SourceTitle "EXT 2007"]
[Source "ChessBase"]
[SourceDate "2006.11.23"]
[SourceVersion "1"]
[SourceVersionDate "2006.11.23"]
[SourceQuality "1"]
[WhiteTeam "Attendorn"]
[BlackTeam "Halver II"]
[WhiteTeamCountry "GER"]
[BlackTeamCountry "GER"]

1. d4 e6 2. c4 Nf6 3. Nc3 g6 4. e4 d6 5. Be3 Bg7 6. Bd3 0-0 7. Qd2 b6 8. f3 Bb7 9. h4 d5 10. cxd5 exd5 11. e5 Ne8 12. h5 Qe7 13. 0-0-0 c5 14. Bg5 f6 15. exf6 Bxf6 16. Bxf6 Qxf6 17. hxg6 hxg6 18. dxc5 d4 19. Ne4 Bxe4 20. Bxe4 Nc6 21. Bd5+ Rf7 22. Qh6 Qg7 23. Qxg7+ Kxg7 24. Bxc6 Rc8 25. Bxe8 Rxe8 26. cxb6 axb6 27. Nh3 Re2 28. Rd2 Rc7+ 29. Kd1 d3 30. Nf4 Rxd2+ 31. Kxd2 Rc2+ 32. Kxd3 Rxb2 33. Ra1 g5 34. Ne2 Kf6 35. a4 Ke5 36. Ke3 Rb3+ 37. Kf2 Rb2 38. Ra3 Kf6 39. f4 Rb4 40. Nc3 Rxf4+ 41. Ke3 Ke5 42. Ne4 1-0

[Event "Halver qual-B"]
[Site "Halver"]
[Date "2001.11.16"]
[Round "7"]
[White "Reininghaus, Ralf"]
[Black "Lindemann, Siegfried"]
[Result "1-0"]
[WhiteElo "1544"]
[BlackElo "1507"]
[PlyCount "77"]
[EventDate "2001.08.31"]
[EventType "tourn"]
[EventRounds "7"]
[EventCountry "GER"]
[SourceTitle "EXT 2007"]
[Source "ChessBase"]
[SourceDate "2006.11.23"]
[SourceVersion "1"]
[SourceVersionDate "2006.11.23"]
[SourceQuality "1"]

1. f4 d5 2. Nf3 Nf6 3. g3 b6 4. Bg2 Bb7 5. d4 e6 6. c4 c5 7. 0-0 Nbd7 8. Nc3 Be7 9. Qc2 dxc4 10. e4 cxd4 11. Nxd4 Bc5 12. Be3 0-0 13. Rad1 Qe7 14. Qe2 a6 15. e5 Bxg2 16. Qxg2 Ng4 17. Bf2 Nxf2 18. Rxf2 b5 19. Rfd2 Nb6 20. Kf1 Bxd4 21. Rxd4 Rad8 22. Rd6 Nc8 23. Rxd8 Rxd8 24. Rxd8+ Qxd8 25. Qa8 h6 26. Qxa6 Qd3+ 27. Kg2 Ne7 28. Qxb5 Qc2+ 29. Kg1 Qc1+ 30. Kf2 Qc2+ 31. Ne2 Nf5 32. Qb6 c3 33. bxc3 Qxa2 34. Qd8+ Kh7 35. g4 Qa7+ 36. Ke1 Ne3 37. Qd3+ g6 38. h3 Nd5 39. f5 1-0

[Event "Halver qual-B"]
[Site "Halver"]
[Date "2001.11.09"]
[Round "6"]
[White "Lindemann, Siegfried"]
[Black "Raatz, Gerhard"]
[Result "1-0"]
[WhiteElo "1507"]
[BlackElo "1168"]
[PlyCount "63"]
[EventDate "2001.08.31"]
[EventType "tourn"]
[EventRounds "7"]
[EventCountry "GER"]
[SourceTitle "EXT 2007"]
[Source "ChessBase"]
[SourceDate "2006.11.23"]
[SourceVersion "1"]
[SourceVersionDate "2006.11.23"]
[SourceQuality "1"]

1. d4 Nf6 2. c4 d5 3. e3 e6 4. a3 b6 5. Nf3 Ba6 6. Ne5 dxc4 7. Bxc4 Bd6 8. Qa4+ Nfd7 9. Bxa6 Nxa6 10. Nxd7 Qxd7 11. Qxa6 0-0 12. Nc3 Rfb8 13. Qb5 c6 14. Qh5 c5 15. dxc5 Bxc5 16. 0-0 Rd8 17. Rd1 Qc7 18. Bd2 Rd3 19. Be1 Rad8 20. Rxd3 Rxd3 21. Rd1 Qd8 22. Rxd3 Qxd3 23. Qd1 Qa6 24. Ne4 Qc8 25. Nxc5 bxc5 26. Bc3 h6 27. h3 f5 28. Qd6 Kf7 29. Qe5 Qf8 30. Qc7+ Qe7 31. Qxe7+ Kxe7 32. Bxg7 1-0

[Event "Halver qual-B"]
[Site "Halver"]
[Date "2001.09.28"]
[Round "4"]
[White "Lindemann, Siegfried"]
[Black "Poguntke, Rudolf"]
[Result "0-1"]
[WhiteElo "1507"]
[BlackElo "1508"]
[PlyCount "152"]
[EventDate "2001.08.31"]
[EventType "tourn"]
[EventRounds "7"]
[EventCountry "GER"]
[SourceTitle "EXT 2007"]
[Source "ChessBase"]
[SourceDate "2006.11.23"]
[SourceVersion "1"]
[SourceVersionDate "2006.11.23"]
[SourceQuality "1"]

1. d4 Nf6 2. c4 e6 3. Nc3 Bb4 4. a3 Bxc3+ 5. bxc3 d5 6. c5 Ne4 7. Qd3 b6 8. cxb6 cxb6 9. Nf3 0-0 10. g3 Qc7 11. Bb2 Ba6 12. Qe3 Nd7 13. Ng5 Ndf6 14. f3 Nxg5 15. Qxg5 Qc4 16. Qd2 Qb3 17. e3 Bxf1 18. Rxf1 b5 19. Rf2 Nd7 20. Qc2 Qxc2 21. Rxc2 Nb6 22. Kf2 Rfc8 23. Ra2 Rc7 24. Ke2 Rac8 25. Kd3 Na4 26. e4 dxe4+ 27. fxe4 a6 28. e5 f6 29. exf6 gxf6 30. Ba1 Kf7 31. Rc1 h5 32. Rac2 Nb6 33. Rb1 Nc4 34. Ra2 Nb6 35. Rc2 Na4 36. Rb4 Nb6 37. Rb1 h4 38. gxh4 Rh8 39. Rg2 Rxh4 40. Rbg1 Rh7 41. Bb2 Nd5 42. Kc2 Ne3+ 43. Kb3 Nxg2 44. Rxg2 a5 45. a4 Rb7 46. axb5 Rxb5+ 47. Ka4 Rbh5 48. Ba3 Rxh2 49. Rxh2 Rxh2 50. Kxa5 Ra2 51. Kb4 Ke8 52. Kb3 Rh2 53. Bd6 Rh5 54. c4 Kd7 55. c5 Kc6 56. Kc4 Rh4 57. Be7 Rf4 58. Bd6 e5 59. Kc3 Rxd4 60. Be7 Rf4 61. Kd3 Kd5 62. Kc3 Re4 63. Kd3 Rd4+ 64. Ke3 f5 65. Bf6 Kxc5 66. Bd8 Ra4 67. Bc7 Ra3+ 68. Kf2 Kd5 69. Bb6 f4 70. Bc7 Ke4 71. Bd6 Ra2+ 72. Ke1 Ke3 73. Bc5+ Kd3 74. Kf1 f3 75. Ke1 e4 76. Kf1 e3 0-1

[Event "Halver Cup"]
[Site "Halver"]
[Date "2001.06.29"]
[Round "7"]
[White "Lindemann, Siegfried"]
[Black "Poguntke, Rudolf"]
[Result "0-1"]
[WhiteElo "1507"]
[BlackElo "1508"]
[PlyCount "96"]
[EventDate "2001.05.04"]
[EventType "swiss"]
[EventRounds "7"]
[EventCountry "GER"]
[SourceTitle "EXT 2007"]
[Source "ChessBase"]
[SourceDate "2006.11.23"]
[SourceVersion "1"]
[SourceVersionDate "2006.11.23"]
[SourceQuality "1"]

1. d4 d5 2. c4 e6 3. Nc3 Nf6 4. Bg5 Nbd7 5. e3 c6 6. Nf3 Qa5 7. Qa4 Bb4 8. Qxa5 Bxa5 9. Bd3 dxc4 10. Bc2 Nd5 11. Kd2 f6 12. Bh4 b5 13. a3 c5 14. Bg3 Bb7 15. Be4 f5 16. Bxd5 Bxd5 17. Kc2 Bxc3 18. Kxc3 Bxf3 19. gxf3 cxd4+ 20. exd4 Kf7 21. Rhe1 Nb6 22. Kb4 a6 23. Be5 Rhc8 24. h4 Nd5+ 25. Ka5 c3 26. bxc3 Rxc3 27. h5 Rxf3 28. Rg1 Nf6 29. Rac1 Rxa3+ 30. Kb4 Ra4+ 31. Kb3 Rc4 32. Rxc4 bxc4+ 33. Kxc4 Nxh5 34. f4 g6 35. Rb1 Ra7 36. Kc5 Nf6 37. Kb6 Rd7 38. Kxa6 h5 39. Rb8 Ne4 40. Rh8 Nf6 41. Kb6 Re7 42. Kc6 Re8 43. Bxf6 Rxh8 44. Bxh8 h4 45. d5 h3 46. d6 h2 47. d7 h1Q+ 48. Kc7 Qxh8 0-1

[Event "Halver Cup"]
[Site "Halver"]
[Date "2001.06.08"]
[Round "5"]
[White "Lindemann, Siegfried"]
[Black "Mirus, Sven"]
[Result "1/2-1/2"]
[WhiteElo "1507"]
[BlackElo "1316"]
[PlyCount "127"]
[EventDate "2001.05.04"]
[EventType "swiss"]
[EventRounds "7"]
[EventCountry "GER"]
[SourceTitle "EXT 2007"]
[Source "ChessBase"]
[SourceDate "2006.11.23"]
[SourceVersion "1"]
[SourceVersionDate "2006.11.23"]
[SourceQuality "1"]

1. d4 f5 2. b3 g6 3. Bb2 Bg7 4. e3 Nf6 5. Nc3 c6 6. h4 0-0 7. Nf3 d6 8. Ng5 e5 9. Be2 h6 10. Nf3 e4 11. Nd2 d5 12. h5 g5 13. Nf1 Qe8 14. Qd2 Be6 15. 0-0-0 Bf7 16. Ng3 Qd7 17. f3 Nh7 18. Rdf1 Be6 19. fxe4 fxe4 20. Rxf8+ Bxf8 21. Rf1 Bg7 22. Ba3 Nf6 23. Bd1 Bg4 24. Qf2 Bxd1 25. Nxd1 Ng4 26. Qf5 Qxf5 27. Nxf5 Nd7 28. Ne7+ Kh7 29. Ng6 Ndf6 30. Rh1 Nxh5 31. Rxh5 Kxg6 32. Rh1 Bf8 33. Bb2 Be7 34. Kd2 Rf8 35. Ke2 Bd6 36. Rf1 Rxf1 37. Kxf1 h5 38. Ke2 Kf5 39. Nf2 Nxf2 40. Kxf2 h4 41. Bc3 Kg4 42. Kg1 Kh5 43. Be1 Kg4 44. Kf1 h3 45. Kg1 h2+ 46. Kh1 Bg3 47. Bb4 Bf2 48. Bd2 Bg1 49. c4 Kg3 50. Be1+ Bf2 51. Bd2 Bg1 52. Be1+ Kg4 53. Bd2 Kf5 54. c5 g4 55. g3 Ke6 56. b4 b6 57. a4 bxc5 58. bxc5 Kd7 59. a5 a6 60. Kg2 Kc7 61. Kh1 Kb7 62. Kg2 Kc7 63. Kh1 Kd7 64. Kg2 1/2-1/2